00766nam a22002177a 4500999001900000005001700019010001500036020002700051035001400078037001300092082001100105245012000116260003400236270005000270300002500320500002200345700001500367700001600382942002500398952012500423 c158334d15833420181025142112.0 aENG-124368 c1695.00a9789386552730 aEN-107900 bDBAD/PUB a954.01 aBlending nation and region:ced. by Sajal Nag [and] Ishrat Alambessays in honour of late professor Amalendu Guha / aNew DelhibPrimus Booksc2018 aArakashan Road, Paharganj,bNew Delhie110055 axi,556p.c22cm. (Hb) aIt includes index aSajal Nag  aIshrat Alam 2ddccENh954.01mBLE 001040718NFICaDBADbBNd2018-10-25eDBAD/PUBg1695.00l0o954.01 BLEpEN-107900r2018-10-25 00:00:00t1v1695.00yEN